Govt. of
Madhya Pradesh

Normal view MARC view

Entry Topical Term

Number of records used in: 1

001 - CONTROL NUMBER

  • control field: 46622

003 - CONTROL NUMBER IDENTIFIER

  • control field: OSt

005 - DATE AND TIME OF LATEST TRANSACTION

  • control field: 20160316151745.0

008 - FIXED-LENGTH DATA ELEMENTS

  • fixed length control field: 160316|| aca||aabn | a|a d

040 ## - CATALOGING SOURCE

  • Original cataloging agency: OSt
  • Transcribing agency: OSt

150 ## - HEADING--TOPICAL TERM

  • Topical term or geographic name entry element: Biography

670 ## - SOURCE DATA FOUND

  • Source citation: Work cat.: (OSt)27183: डॉ नत्‍थूलाल गुप्‍त 46621, प्राचीन भारत के आचार्य और उनकी उपलब्ध्यिॉ, 1978